00249nam a2200109Ia 4500008004100000041000800041082001300049100001400062245002400076260003100100300000800131230627s9999 xx 000 0 und d aeng a343bJOS aJoshi.K.C aThe Setate Dute Act bAllahabad Law Agencyc1979 a48p